000
00365nam a2200157Ia 4500
008
151213s9999 xx 000 0 und d
100
_a
D. A. Ball
245
_a
International Business
_c
D. A. Ball
250
_a
6th
260
_a
London
_b
Irwin
_c
1997
300
_a
2703 p.
650
_a
Management
650
_a
Mnagement
700
_a
D. A. Ball
999
_c
1815
_d
1815